000
00436nam a2200145Ia 4500
008
100204s9999 xx 000 0 und d
082
_b
9021
100
_a
शिरोडकर रजनी
245
_a
साफल्य
260
_b
"बांदोडकर पब्लिशिंग हाऊस, गोवा"
_c
1987
300
_a
199
630
_a
साफल्य
730
_a
साफल्य
942
_c
BOOK
999
_c
453457
_d
453454